Paises con más obesidad - Estadísticas

Estadísticas generales
  • Esta prueba ha sido intentada 42 veces
  • La puntuación promedio es 8 de 14
Estadísticas de respuestas
Porcentaje (%) Continente País % Correcto
42 América del Norte Estados Unidos
100%
47 Oceanía Micronesia
66%
72 Oceanía Tonga
66%
47 América del Norte Bahamas
63%
46 Oceanía Islas Marshall
63%
70 Oceanía Nauru
61%
64 Oceanía Tuvalu
61%
62 Oceanía Samoa
58%
46 Oceanía Kiribati
55%
44 África Egipto
42%
46 América del Norte San Cristóbal y Nieves
42%
42 América del Norte Belice
39%
43 Asia Catar
34%
69 Oceanía Islas Cook
5%
No se encontraron pruebas coincidentes
Distribución de puntuación
Porcentaje de gente con cada puntuación
Porcentaje por número respondido
Historial de tus puntuaciones
No has intentado esta prueba.